01121nam a2200277 a 4500001001000000003000900010005001700019007000300036008004100039020001800080040002500098082002100123100002700144245007700171260004200248300002800290500003400318504007300352590002800425910000700453942001400460952011500474952012100589952011600710999001700826000044287DO-SdBNP20230203115451.0ta140612s2009 dr a 001 0 spa d a9789945860290 aDO-SdBNPbspacBNPHU axxxxxbF825i2221 aFranco, Frankin97228914aLas ideologias políticas dominicanas en síntesis /cFranklin Franco. aSanto Domingo :bCuesta-Veliz,c2009. a131 p. :bil. ;c22 cm. aIncluye índice onomástico aIncluye referencias bibliográficas y notas al pie de las páginas aInventariado, 2023 / DG aDG 2ddccLBS1 0010718PDaPDbPDcHDd2014-06-12iLF1l0oxxxxx xxxxxp44287-10r2020-06-25w2020-06-25yLFPDZNo se presta 0010718PDaPDbPDcHDd2014-06-12iLF1l0oxxxxx xxxxxp44287-20r2020-06-25te. 2w2020-06-25yLFPDZNo se presta 00102ddc56708DSaBNPHUbBNPHUcCTd2023-02-03l0oxxxxx F825ip2023-0638r2023-02-03te.3w2023-02-03yLBS1 c43776d43776